Decay of tropical hardwoods II. Mass loss and degradation of cell-wall components of Hevea brasiliensis caused by ganoderma applanatum, poria sp, Schizophyllum commune and trametes corrugata (Record no. 48303)

MARC details
000 -LEADER
fixed length control field 00451nam a2200121Ia 4500
100 ## - MAIN ENTRY--AUTHOR NAME
Personal name Hong L T
245 #0 - TITLE STATEMENT
Title Decay of tropical hardwoods II. Mass loss and degradation of cell-wall components of Hevea brasiliensis caused by ganoderma applanatum, poria sp, Schizophyllum commune and trametes corrugata
260 ## - PUBLICATION, DISTRIBUTION, ETC. (IMPRINT)
Name of publisher Malaysian Forester
Year of publication 1982
300 ## - PHYSICAL DESCRIPTION
Number of Pages 124-126
650 ## - SUBJECT ADDED ENTRY--TOPICAL TERM
Topical Term Rubberwood
942 ## - ADDED ENTRY ELEMENTS (KOHA)
Koha item type Bibliography RLWO
Holdings
Withdrawn status Lost status Damaged status Not for loan Home library Current library Date acquired Serial Enumeration / chronology Koha item type
      Bibliography RRII Library RRII Library 31/12/2021 Volume 45, Issue 1 Bibliography RLWO